|
|
|
|
| LEADER |
00849cam a2200217 7i4500 |
| 001 |
0000023982 |
| 005 |
20091211090000.0 |
| 020 |
0 |
0 |
|a 978-92-1-112752-2
|
| 022 |
0 |
0 |
|a 0255-4607
|
| 090 |
0 |
0 |
|a I 380.1
|b UNI
|
| 110 |
2 |
0 |
|a United Nations Conference on Trade and Development
|
| 245 |
2 |
0 |
|a Trade and development report 2008.
|
| 260 |
0 |
0 |
|a New York:
|b United Nations,
|c 2008.
|
| 300 |
# |
# |
|a 201 p.
|
| 650 |
0 |
0 |
|a International trade
|
| 999 |
|
|
|a JHR000181B
|b Book
|c International
|e MATRADE Southern Regional Office
|
| 999 |
|
|
|a B000025880
|b Book
|c International
|e Business Information Centre
|
| 999 |
|
|
|a PNG000888B
|b Book
|c International
|e MATRADE Northern Regional Office
|
| 999 |
|
|
|a SBH000858B
|b Book
|c International
|e MATRADE Sabah
|
| 999 |
|
|
|a SRW000285B
|b Book
|c International
|e MATRADE Sarawak
|
| 999 |
|
|
|a TRG000170B
|b Book
|c International
|e MATRADE Eastern Regional Office
|